• 首页
  • 本馆介绍
  • 公告通知
  • 最新文献
  • 馆藏检索
  • 电子资源
  • 读者导购
  • 参考咨询
  • 我的图书馆
  • 登录
  • 详细信息显示
  • 放入我的书架
  • 预约/预借图书
  • 作者相关作品
  • 分类相关作品
  • 丛书相关作品
  • 出版社相关作品

书目信息

  • 表格格式
  • 工作单格式
  • 卡片格式
题名:
原子能名词浅释
    
 
作者: 《原子能名词浅释》编辑组
分册:  
出版信息: 北京   原子能出版社  1973
页数: 347页
开本: 20cm
丛书名:
单 册:
中图分类: TL1
科图分类:
主题词: 核技术--基础理论
电子资源:
ISBN:
000 00601nam0 2200205 45
001 0405210972
005 20040521090334.9
010    @dCNY1.00
091    @a15175.003
100    @a20040521d1973 km y0chiy0120 ea
101 0  @achi
105    @a z 000yy
200 1  @a原子能名词浅释@AYuan Zi Neng Ming Ci Qian Shi@f《原子能名词浅释》编辑组@F《Yuan Zi Neng Ming Ci Qian Shi》Bian Ji Zu
210    @a北京@c原子能出版社@d1973
215    @a347页@d20cm
606 0  @a核技术@x基础理论
690    @aTL1@v3
701  0 @a《原子能名词浅释》编辑组
801    @aCN@bPftUser@c20040521
905    @f1@b11601@dTL1@e4
    
    原子能名词浅释/《原子能名词浅释》编辑组.-北京:原子能出版社,1973
    347页;20cm
    
    
    ISBN :CNY1.00
    
●
相关链接 在E读中查询图书 在五车中查询图书 在当当中查询图书 在豆瓣中查询图书


正题名:原子能名词浅释     索取号:TL1/4         预约/预借

序号 登录号 条形码 馆藏地/架位号 状态 备注
1 0011600   001366612   第二样本阅览室/ [索取号:TL1/4] 在馆    
2 0011601   001366658   第三借阅区/ [索取号:TL1/4] 在馆    
唐山师范学院图书馆 欢迎您!
大连网信软件有限公司© 版权所有